| 000 | 02013cam a22004814i 4500 | ||
|---|---|---|---|
| 003 | PE-LiUPU | ||
| 005 | 20250731165518.0 | ||
| 008 | 150623s1993 pe r 000 0 d | ||
| 035 | _a(Sirsi) a25372 | ||
| 040 |
_aPE-LiUPU _bspa _cPE-LiUPU _dPE-LiUPU _erda |
||
| 049 | _aPRUA | ||
| 082 | 0 | 4 |
_a016.630985 _bR713 _221 |
| 100 | 1 |
_aSánchez Enriquez, Rodrigo, _eautor. |
|
| 245 | 1 | 4 |
_aLos estudios sobre cambios tecnológicos en la agricultura campesina / _cRodrigo Sánchez Enríquez. |
| 264 | 1 |
_aLima : _bComisión de Coordinación de Tecnología Andina CCTA, _c1993. |
|
| 300 |
_a114 páginas ; _c21 centímetros. |
||
| 336 |
_atext _2rdacontent |
||
| 337 |
_aunmediated _2rdamedia |
||
| 338 |
_avolume _2rdacarrier |
||
| 490 | 0 |
_aRecopilación y análisis de bibliografía temática; ; _v3 |
|
| 505 | 0 | _aLos estudios del cambio tecnológico: una visión general -- Algunas bases de la tecnología alternativa -- Teoría e hipótesis de la tecnología convencional -- Algunas apreciaciones críticas -- Hacia un marco analítico alternativo -- Los aportes del enfoque de sistemas -- Tecnología, planificación y modelos de desarrollo. | |
| 526 | _aSEG44 | ||
| 526 | _aSEG26 | ||
| 526 | _aP151 | ||
| 526 | _aP150 | ||
| 526 | _aP149 | ||
| 526 | _aP146 | ||
| 526 | _aP145 | ||
| 526 | _aP126 | ||
| 526 | _aP125 | ||
| 526 | _aP92 | ||
| 526 | _aP75 | ||
| 526 | _aP74 | ||
| 526 | _aP27 | ||
| 526 | _aP15 | ||
| 650 | 0 | 4 |
_aAgricultura _zPerú _xAspectos técnicos _vBibliografías. |
| 942 |
_2ddc _cBOOK |
||
| 949 |
_a016.630 985 R71 3 _wDEWEY _c1 _i50466 _lCCODEBUL1 _mBUL _p00.00 _r0 _sY _tBOOK _u2015-06-24 _xINGENIERIA _zUNKNOWN _0COMPRA _o.STAFF. Colección Ciencias Empresariales |
||
| 994 |
_aC0 _bPEPRU |
||
| 596 | _a1 | ||
| 999 |
_a016.630 985 R71 3 _wDEWEY _c32286 _i50466 _f2021-11-4 _g6 _lCCODEBUL1 _mBUL _p10.00 _r0 _sY _tBOOK _u2015-6-24 _xBIBLIOTECA _zUNKNOWN _0COMPRA _o.STAFF. Colección Ciencias Empresariales _d32286 |
||
| 980 |
_81 _gALBERTO SANCHEZ Responsable de Automatización |
||